Klimaticko energetické opatrenia EÚ a ich aplikácia na príklade Slovenskej republiky diplomová práca

Uložené v:
Podrobná bibliografia
Hlavný autor: Čavojská, Katarína
Korporativný autor: Obchodná fakulta EU. Katedra medzinárodného obchodu
Ďalší autori: Rosenberg, Miloslav
Médium: Kniha
Jazyk:Slovak
Vydavateľské údaje: Bratislava 2010
Tagy: Pridať tag
Žiadne tagy, Buďte prvý, kto otaguje tento záznam!

MARC

LEADER 00000nam a2200000 4500
001 0119984
005 20240318122347.3
041 0 |a slo 
044 |a SK 
245 1 0 |a Klimaticko energetické opatrenia EÚ a ich aplikácia na príklade Slovenskej republiky  |b diplomová práca  |c Katarína Čavojská ; škol. Miloslav Rosenberg 
264 1 |a Bratislava  |c 2010 
300 |a 79 s. 
100 1 |a Čavojská, Katarína 
700 1 |a Rosenberg, Miloslav 
710 2 |a Obchodná fakulta EU. Katedra medzinárodného obchodu